| Registos Bibliográficos associados ao registo de autoridade |
|
Etiqueta de registo: 00000nam 2200025 450 001 2285963 003 http://id.bnportugal.gov.pt/bib/catbnp/2285963 100 ## $a20260507d2024 k y0pory01030103ba 101 0# $aeng$dpor 102 ## $aPT 105 ## $aa m 000yy 106 ## $ar 200 1# $aGreen software in the large$eenergy-driven techniques, tools and repositories$fRui António Ramada Rua$gorient. João Alexandre Baptista Saraiva, Cristina Videira Lopes 210 #9 $a[S.l.$cs.n.],$d2024 215 ## $aXIX, [1], 192 p.$cil.$d30 cm 328 #1 $aTese dout. MAP Doctoral Program in Computer Science (MAP-i), Escola de Engenharia,
Universidade do Minho, 2024 700 #1 $aRua,$bRui António Ramada$31997905 702 #1 $aSaraiva,$bJoão Alexandre$4727$31381786 702 #1 $aLopes,$bCristina Isabel Videira$4727$372431 801 #0 $aPT$bBN$gRPC 966 ## $lBN$mFGMON$x1 971 ## $corlando$d20260507
|
|
|